Normal view
MARC view
Entry Topical Term
001 - CONTROL NUMBER
- control field: 67723
003 - CONTROL NUMBER IDENTIFIER
- control field: PH-BoMPS
005 - DATE AND TIME OF LATEST TRANSACTION
- control field: 20230210092755.0
008 - FIXED-LENGTH DATA ELEMENTS
- fixed length control field: 230210|| aca||aabn | a|a d
040 ## - CATALOGING SOURCE
- Original cataloging agency: PH-BoMPS
- Transcribing agency: PH-BoMPS
150 ## - HEADING--TOPICAL TERM
- Topical term or geographic name entry element: Culture
- Geographic subdivision: Bontoc
670 ## - SOURCE DATA FOUND
- Source citation: Work cat.: (PH-BoMPS)68435: Alva, Zyndy K. 67722, Cultural implications and preservation of traditional attire of Central Bontoc/